Musical Artists With Vowels Removed #2 - Statistics

General Stats
  • This quiz has been taken 9 times
    8 since last reset
  • The average score is 27 of 42
Answer Stats
Hint Artist % Correct
D Lp Dua Lipa
100%
Gwn Stfn Gwen Stefani
100%
Kll Clrksn Kelly Clarkson
100%
Mrk Rnsn Mark Ronson
100%
Nrvn Nirvana
100%
N Dbt No Doubt
100%
Ptbll Pitbull
100%
Rd Ht Chl Ppprs Red Hot Chili Peppers
100%
Rhnn Rihanna
100%
Sm Smth Sam Smith
100%
Sln Gmz Selena Gomez
100%
Shkr Shakira
100%
Cml Cbll Camila Cabello
86%
Ll Gldng Ellie Goulding
86%
Hrr Stls Harry Styles
86%
Mgn Drgns Imagine Dragons
86%
Lws Cpld Lewis Capaldi
86%
Bstll Bastille
71%
Dj Ct Doja Cat
71%
Mnm Eminem
71%
Pst Mln Post Malone
71%
T Crz Taio Cruz
71%
Vnss Crltn Vanessa Carlton
57%
B Brnhm Bo Burnham
43%
Bwlng Fr Sp Bowling For Soup
43%
Crr Ndrwd Carrie Underwood
43%
Chrstn Glr Christina Aguilera
43%
Chrstn Prr Christina Perri
43%
Dvd Kshnr David Kushner
43%
Km Ptrs Kim Petras
43%
S Sia
43%
V Mx Ava Max
29%
Blnk N Ght Tw Blink-182
29%
Fll T B Fall Out Boy
29%
Gt Gotye
29%
Grn D Green Day
29%
Prmr Paramore
29%
Trs Fr Frs Tears For Fears
29%
Trn Train
29%
Lc Ks Alicia Keys
14%
DBb DaBaby
14%
Hls Halsey
14%
No matching quizzes found
Score Distribution
Percent of People with Each Score
Percentile by Number Answered
Your Score History
You have not taken this quiz since the last reset